Manual of Banking Laws in Pakistan / (Record no. 611990)
[ view plain ]
| 000 -LEADER | |
|---|---|
| fixed length control field | 00386nam a22001337a 4500 |
| 082 ## - DEWEY DECIMAL CLASSIFICATION NUMBER | |
| Classification number | 346.9086 |
| Author Mark | MAN |
| 100 ## - MAIN ENTRY--PERSONAL NAME | |
| Personal name | Mangan, Zafar Iqbal |
| 245 ## - TITLE STATEMENT | |
| Title | Manual of Banking Laws in Pakistan / |
| Statement of responsibility, etc. | Zafar Iqbal Mangan |
| 260 ## - PUBLICATION, DISTRIBUTION, ETC. | |
| Place of publication, distribution, etc. | Lahore : |
| Name of publisher, distributor, etc. | Imran Law Book House, |
| Date of publication, distribution, etc. | 2023. |
| 300 ## - PHYSICAL DESCRIPTION | |
| Extent | 1160 p. ; |
| Dimensions | 24 cm. |
| 563 ## - BINDING INFORMATION | |
| Binding note | Hardcover. |
| 650 ## - SUBJECT ADDED ENTRY--TOPICAL TERM | |
| Topical term or geographic name entry element | Law, Banking Laws |
| 942 ## - ADDED ENTRY ELEMENTS (KOHA) | |
| Source of classification or shelving scheme | |
| Koha item type | Book |
| 650 ## - SUBJECT ADDED ENTRY--TOPICAL TERM | |
| -- | 126279 |
| Withdrawn status | Lost status | Source of classification or shelving scheme | Damaged status | Not for loan | Permanent Location | Current Location | Shelving location | Date acquired | Source of acquisition | Total Checkouts | Full call number | Barcode | Date last seen | Date last checked out | Price effective from | Koha item type |
|---|---|---|---|---|---|---|---|---|---|---|---|---|---|---|---|---|
| NUST Law School (NLS) | NUST Law School (NLS) | Law | 10/07/2024 | Golden Books Lahore | 1 | 346.9086 MAN | CL-1599 | 01/20/2026 | 09/08/2025 | 10/07/2024 | Book |
